000 00574nam a2200193 4500
001 107288
003 ES-MaACL
005 20230906184400.0
007 t|
008 061121s1959 sp r ||||1| spa d
100 1 _aMorán Salvador, José.
_983122
245 1 0 _aEstampas de antaño /
_cJosé Morán Salvador.
260 _aSan Sebastián :
_bCCC,
_c[1959]
300 _a139 p. ;
_c20 cm.
490 1 _aColección Salto de la muerte ;
_v3
830 0 _aColección Salto de la muerte ;
_v3
_9232885
852 _aES-MaACL
_jC-17007
_bR.45247
999 _c107288
_d107288